[Event "CZE-chT2B 2122"]
[Site "Czech Republic"]
[Date "2022.03.20"]
[Round "10.4"]
[White "Molnar, Ladislav"]
[Black "Nudcenko, Karel"]
[Result "0-1"]
[WhiteElo "1745"]
[BlackElo "2045"]
[PlyCount "74"]
[EventDate "2021.10.17"]
[EventType "team-tourn"]
[EventRounds "11"]
[EventCountry "CZE"]
[SourceTitle "EXT 2025"]
[Source "ChessBase"]
[SourceDate "2024.10.14"]
[SourceVersion "1"]
[SourceVersionDate "2024.10.14"]
[SourceQuality "1"]
[WhiteTeam "Karlovy Vary Tietz II"]
[BlackTeam "Udlice"]
[WhiteTeamCountry "CZE"]
[BlackTeamCountry "CZE"]

1. e4 e6 2. d4 d5 3. exd5 exd5 4. Bd3 Bd6 5. Nf3 Nf6 6. h3 0-0 7. 0-0 Nbd7 8. Nbd2 c5 9. c3 b6 10. Re1 Re8 11. Nf1 Ne4 12. Ne3 Bb7 13. Nf5 Bc7 14. dxc5 Ndxc5 15. Be3 Qd7 16. N5d4 a6 17. Qc2 f5 18. Ne2 Ne6 19. Rad1 Qf7 20. Ned4 N6c5 21. Ne2 Ne6 22. Ned4 Rad8 23. Nxe6 Qxe6 24. Bd4 Qd6 25. Be3 Re6 26. g3 Qe7 27. h4 h6 28. Nd4 Rf6 29. Kg2 f4 30. Bxe4 dxe4 31. Bxf4 Bxf4 32. gxf4 Rxf4 33. Kf1 Qxh4 34. Ne6 Rxd1 35. Rxd1 Qh3+ 36. Ke1 Qxe6 37. Qd2 Qf6 0-1

[Event "CZE-chT2B 2122"]
[Site "Czech Republic"]
[Date "2022.02.27"]
[Round "9.4"]
[White "Molnar, Ladislav"]
[Black "Vondra, Zbynek"]
[Result "0-1"]
[WhiteElo "1745"]
[BlackElo "2125"]
[PlyCount "84"]
[EventDate "2021.10.17"]
[EventType "team-tourn"]
[EventRounds "11"]
[EventCountry "CZE"]
[SourceTitle "EXT 2025"]
[Source "ChessBase"]
[SourceDate "2024.10.14"]
[SourceVersion "1"]
[SourceVersionDate "2024.10.14"]
[SourceQuality "1"]
[WhiteTeam "Karlovy Vary Tietz II"]
[BlackTeam "Kladno"]
[WhiteTeamCountry "CZE"]
[BlackTeamCountry "CZE"]

1. e4 c5 2. c3 d5 3. exd5 Qxd5 4. d4 cxd4 5. Qxd4 Qxd4 6. cxd4 Nc6 7. Be3 Nf6 8. Nf3 e6 9. Bb5 Bd7 10. 0-0 Bd6 11. Nbd2 a6 12. Be2 Nd5 13. Rac1 Rd8 14. Ne4 Bf4 15. Bd2 Bxd2 16. Nexd2 Nf4 17. Rfe1 Nb4 18. Ne5 f6 19. Nxd7 Kxd7 20. Rc3 Nxa2 21. Re3 Nb4 22. Rc3 Nxe2+ 23. Rxe2 Rc8 24. Nc4 Nd5 25. Rcc2 Rc7 26. Kf1 Rhc8 27. Na3 Kd6 28. Rxc7 Rxc7 29. Rd2 Rc1+ 30. Ke2 Nb4 31. Ke3 Kd5 32. f3 Nc6 33. Nc2 Na5 34. Kd3 Nb3 35. Ne3+ Kd6 36. Re2 b5 37. Nc2 h5 38. Kc3 Na1 39. Kd3 Rxc2 40. Rxc2 Nxc2 41. Kxc2 Kd5 42. Kc3 a5 0-1

[Event "Marianske Lazne op 50+"]
[Site "Marianske Lazne"]
[Date "2022.01.15"]
[Round "1"]
[White "Malinovsky, Petr"]
[Black "Molnar, Ladislav"]
[Result "1-0"]
[WhiteElo "1979"]
[BlackElo "1740"]
[PlyCount "49"]
[EventDate "2022.01.15"]
[EventType "swiss"]
[EventRounds "9"]
[EventCountry "CZE"]
[SourceTitle "EXT 2023"]
[Source "ChessBase"]
[SourceDate "2022.10.05"]
[SourceVersion "1"]
[SourceVersionDate "2022.10.05"]
[SourceQuality "1"]

1. d4 Nf6 2. c4 e6 3. Nc3 Bb4 4. e3 d5 5. Nge2 0-0 6. a3 Bxc3+ 7. Nxc3 dxc4 8. Bxc4 Nd5 9. e4 Nxc3 10. bxc3 Nd7 11. 0-0 c5 12. f4 cxd4 13. cxd4 Nf6 14. Qd3 b6 15. Bb2 Bb7 16. Rae1 Rc8 17. Ba2 Re8 18. Bb1 g6 19. d5 Nd7 20. dxe6 fxe6 21. Qd4 e5 22. Ba2+ Kg7 23. fxe5 Rf8 24. e6+ Nf6 25. Qxd8 1-0

[Event "Ceske Budejovice op"]
[Site "Ceske Budejovice"]
[Date "2021.07.08"]
[Round "8"]
[White "Zednicek, Filip"]
[Black "Molnar, Ladislav"]
[Result "1-0"]
[WhiteElo "1548"]
[BlackElo "1738"]
[PlyCount "79"]
[EventDate "2021.07.01"]
[EventType "swiss"]
[EventRounds "9"]
[EventCountry "CZE"]
[SourceTitle "CBM 203 Extra"]
[Source "ChessBase"]
[SourceDate "2021.09.30"]
[SourceVersion "1"]
[SourceVersionDate "2021.09.30"]
[SourceQuality "1"]

1. e4 e6 2. d4 d5 3. exd5 exd5 4. c4 Bb4+ 5. Nc3 Nf6 6. Nf3 0-0 7. Bd3 Ne4 8. Qc2 f5 9. 0-0 Bxc3 10. bxc3 c6 11. Ba3 Rf6 12. Ne5 Be6 13. Rab1 Qc7 14. f3 Ng5 15. Rfe1 Nd7 16. Be7 Nxe5 17. Bxf6 Nexf3+ 18. gxf3 Nxf3+ 19. Kh1 Nxe1 20. Rxe1 dxc4 21. Rxe6 cxd3 22. Qb3 Qf7 23. Re7 Qxb3 24. Rxg7+ Kf8 25. axb3 d2 26. Rg1 Re8 27. Be5 Kf7 28. Rd1 Ke6 29. Rxd2 Kd5 30. Rf2 Rf8 31. Rf4 Ke6 32. Kg2 b5 33. Rh4 c5 34. Rxh7 b4 35. cxb4 cxd4 36. Bxd4 Rd8 37. Bxa7 Rd2+ 38. Bf2 Rb2 39. Rh3 Ke5 40. b5 1-0

[Event "Ceske Budejovice op"]
[Site "Ceske Budejovice"]
[Date "2021.07.04"]
[Round "4"]
[White "Brom, Jiri"]
[Black "Molnar, Ladislav"]
[Result "1-0"]
[WhiteElo "1998"]
[BlackElo "1738"]
[PlyCount "61"]
[EventDate "2021.07.01"]
[EventType "swiss"]
[EventRounds "9"]
[EventCountry "CZE"]
[SourceTitle "CBM 203 Extra"]
[Source "ChessBase"]
[SourceDate "2021.09.30"]
[SourceVersion "1"]
[SourceVersionDate "2021.09.30"]
[SourceQuality "1"]

1. d4 Nf6 2. Nf3 e6 3. e3 d5 4. Bd3 c5 5. b3 Nc6 6. 0-0 cxd4 7. exd4 Be7 8. Nbd2 0-0 9. Bb2 b6 10. c4 dxc4 11. bxc4 Bb7 12. Rc1 h6 13. Re1 Nb4 14. Bb1 Rc8 15. a3 Na6 16. Qc2 g6 17. Ne5 Qe8 18. Re3 Nh5 19. Rce1 Bg5 20. Nxg6 fxg6 21. Rxe6 Qf7 22. Rxg6+ Ng7 23. f4 Bxf4 24. d5 Rce8 25. Rxe8 Rxe8 26. Rxg7+ Qxg7 27. Bxg7 Re1+ 28. Kf2 Bxd2 29. Qh7+ Kf7 30. Bg6+ Ke7 31. Be5+ 1-0

[Event "Plzen Calliditas op"]
[Site "Plzen"]
[Date "2020.08.28"]
[Round "7"]
[White "Lorenc, David"]
[Black "Molnar, Ladislav"]
[Result "0-1"]
[WhiteElo "1772"]
[BlackElo "1698"]
[PlyCount "108"]
[EventDate "2020.08.23"]
[EventType "swiss"]
[EventRounds "9"]
[EventCountry "CZE"]
[SourceTitle "CBM 198 Extra"]
[Source "ChessBase"]
[SourceDate "2020.11.30"]
[SourceVersion "1"]
[SourceVersionDate "2020.11.30"]
[SourceQuality "1"]

1. e4 e6 2. Nc3 d5 3. Nf3 d4 4. Ne2 c5 5. c3 Nc6 6. cxd4 cxd4 7. Qa4 Bc5 8. b4 Bxb4 9. Nexd4 Qa5 10. Bb5 Bd7 11. Nxc6 bxc6 12. Qxa5 Bxa5 13. Ba4 Nf6 14. e5 Nd5 15. Ba3 Bb4 16. Bxb4 Nxb4 17. 0-0 Ke7 18. Rfc1 Rhc8 19. d4 Rab8 20. Nd2 Nd5 21. Bb3 Rb4 22. Rc4 Rcb8 23. Rac1 a5 24. Rxb4 Rxb4 25. Rc4 f6 26. Rxb4 axb4 27. Ne4 fxe5 28. dxe5 Nf4 29. Nc5 Bc8 30. g3 Nd5 31. Kf1 Nc7 32. Bc4 g5 33. f4 gxf4 34. gxf4 Nd5 35. Nd3 Ne3+ 36. Kf2 Nxc4 37. Nxb4 Bd7 38. Nd3 Be8 39. Nc5 Bg6 40. Kf3 Bb1 41. a4 Na5 42. Kg4 Bc2 43. Kg5 Nb3 44. Nb7 Bd3 45. Nd6 c5 46. f5 exf5 47. Nxf5+ Bxf5 48. Kxf5 c4 49. Ke4 Ke6 50. a5 Nxa5 51. Kd4 Kf5 52. Kd5 c3 53. e6 Kf6 54. Kd6 Nb7+ 0-1

[Event "Ceske Budejovice op-B"]
[Site "Ceske Budejovice"]
[Date "2020.07.04"]
[Round "4"]
[White "Popov, Roman4"]
[Black "Molnar, Ladislav"]
[Result "1-0"]
[WhiteElo "1532"]
[BlackElo "1712"]
[PlyCount "49"]
[EventDate "2020.07.01"]
[EventType "swiss"]
[EventRounds "9"]
[EventCountry "CZE"]
[SourceTitle "CBM 197 Extra"]
[Source "ChessBase"]
[SourceDate "2020.09.30"]
[SourceVersion "1"]
[SourceVersionDate "2020.09.30"]
[SourceQuality "1"]

1. d4 Nf6 2. c4 e6 3. g3 c5 4. Nf3 cxd4 5. Nxd4 Bb4+ 6. Bd2 Bxd2+ 7. Qxd2 d5 8. Bg2 0-0 9. 0-0 dxc4 10. Rd1 Nbd7 11. Na3 Nb6 12. Qc2 Qc7 13. Rac1 Rd8 14. Ndb5 Rxd1+ 15. Rxd1 Qe7 16. Nxc4 Ne8 17. Qd3 Nxc4 18. Qxc4 a6 19. Nc3 Rb8 20. Qd4 b5 21. Qd8 Kf8 22. Bc6 f6 23. Ne4 Kf7 24. Bxe8+ Kf8 25. Bxb5+ 1-0

[Event "Ceske Budejovice op-B"]
[Site "Ceske Budejovice"]
[Date "2020.07.03"]
[Round "3"]
[White "Molnar, Ladislav"]
[Black "Wojdyla, Alex"]
[Result "1-0"]
[WhiteElo "1712"]
[BlackElo "1254"]
[PlyCount "44"]
[EventDate "2020.07.01"]
[EventType "swiss"]
[EventRounds "9"]
[EventCountry "CZE"]
[SourceTitle "CBM 197 Extra"]
[Source "ChessBase"]
[SourceDate "2020.09.30"]
[SourceVersion "1"]
[SourceVersionDate "2020.09.30"]
[SourceQuality "1"]

1. e4 e5 2. Bc4 Bc5 3. Nf3 Nc6 4. d3 h6 5. 0-0 Nf6 6. Nc3 a6 7. a3 b5 8. Ba2 Qe7 9. Nd5 Qd6 10. Nh4 Nxd5 11. Bxd5 Qf6 12. Nf5 Bb7 13. Be3 Bxe3 14. fxe3 0-0 15. Qg4 Qg5 16. Qh3 Nd8 17. Bxb7 Nxb7 18. Rf3 Kh7 19. Rg3 Qf6 20. Rxg7+ Kh8 21. Rg4 h5 22. Qxh5+ Qh6 1-0

[Event "Ceske Budejovice op-B"]
[Site "Ceske Budejovice"]
[Date "2020.07.01"]
[Round "1"]
[White "Molnar, Ladislav"]
[Black "Rolinkova, Adela"]
[Result "1-0"]
[WhiteElo "1712"]
[BlackElo "1360"]
[PlyCount "72"]
[EventDate "2020.07.01"]
[EventType "swiss"]
[EventRounds "9"]
[EventCountry "CZE"]
[SourceTitle "CBM 197 Extra"]
[Source "ChessBase"]
[SourceDate "2020.09.30"]
[SourceVersion "1"]
[SourceVersionDate "2020.09.30"]
[SourceQuality "1"]

1. e4 d6 2. d4 Nf6 3. Bd3 g6 4. f4 Bg7 5. Nf3 0-0 6. 0-0 Bg4 7. h3 Bxf3 8. Qxf3 e5 9. c3 Nbd7 10. f5 c6 11. g4 d5 12. exd5 cxd5 13. Qf2 e4 14. Bc2 Qb6 15. Bb3 Qc6 16. Be3 a5 17. Qd2 a4 18. Bd1 b5 19. a3 Nb6 20. Be2 Ne8 21. Bg5 f6 22. Bh4 Nd6 23. fxg6 hxg6 24. Qc1 Kf7 25. Bg3 Ndc4 26. Nd2 Rae8 27. Nxc4 Nxc4 28. Bxc4 Qxc4 29. Qe3 Rh8 30. Kg2 Bh6 31. g5 Bg7 32. gxf6 Bxf6 33. Be5 Re6 34. Qg5 Qc6 35. Bxf6 Rxf6 36. Rxf6+ Qxf6 1-0

[Event "CZE-chT2B 1920"]
[Site "Czech Republic"]
[Date "2019.11.03"]
[Round "2.8"]
[White "Molnar, Ladislav"]
[Black "Urbanek, Stepan"]
[Result "0-1"]
[WhiteElo "1717"]
[BlackElo "2030"]
[PlyCount "63"]
[EventDate "2019.10.13"]
[EventType "team-tourn"]
[EventRounds "11"]
[EventCountry "CZE"]
[SourceTitle "EXT 2024"]
[Source "ChessBase"]
[SourceDate "2023.10.10"]
[SourceVersion "1"]
[SourceVersionDate "2023.10.10"]
[SourceQuality "1"]
[WhiteTeam "Karlovy Vary Tietz II"]
[BlackTeam "Kolesovice Cesky Lev"]
[WhiteTeamCountry "CZE"]
[BlackTeamCountry "CZE"]

1. e4 d6 2. d4 Nf6 3. Nc3 c6 4. f4 Qa5 5. Bd3 e5 6. Nge2 exd4 7. Nxd4 g6 8. Nb3 Qc7 9. f5 Nbd7 10. g4 Ne5 11. g5 Nfd7 12. Bf4 h6 13. Qe2 hxg5 14. Bxg5 Bh6 15. Bxh6 Rxh6 16. fxg6 Nxg6 17. 0-0-0 Nde5 18. Rdf1 Bg4 19. Qd2 Rh3 20. Be2 Bxe2 21. Qxe2 0-0-0 22. Nd4 b5 23. Nf5 Qa5 24. Qg2 Rxc3 25. bxc3 Nc4 26. Qg5 Qxc3 27. Kd1 Nb2+ 28. Kc1 Nc4 29. Kd1 Nb2+ 30. Kc1 Ne5 31. Qg7 Nbc4 32. Kd1 0-1

[Event "Litomysl op 20th"]
[Site "Litomysl"]
[Date "2018.12.27"]
[Round "2"]
[White "Molnar, Ladislav"]
[Black "Macek, Jaroslav1"]
[Result "1-0"]
[WhiteElo "1752"]
[BlackElo "1388"]
[PlyCount "101"]
[EventDate "2018.12.26"]
[EventType "swiss"]
[EventRounds "9"]
[EventCountry "CZE"]
[SourceTitle "CBM 188 Extra"]
[Source "ChessBase"]
[SourceDate "2019.02.28"]
[SourceVersion "1"]
[SourceVersionDate "2019.02.28"]
[SourceQuality "1"]

1. e4 c5 2. f4 d6 3. Nf3 Bg4 4. Bb5+ Nc6 5. 0-0 e6 6. h3 Bxf3 7. Qxf3 Qb6 8. Nc3 Nge7 9. f5 exf5 10. exf5 0-0-0 11. f6 Ng6 12. Qf5+ Kb8 13. Bc4 Nd4 14. Qe4 Qc7 15. Nd5 Qd7 16. c3 Re8 17. Qb1 Ne5 18. cxd4 Nxc4 19. Qc2 Nb6 20. Nxb6 axb6 21. Qb3 Kc7 22. dxc5 bxc5 23. fxg7 Bxg7 24. Qxf7 Re7 25. Qc4 Rhe8 26. d3 Re2 27. Rb1 Bd4+ 28. Kh1 Qc6 29. Qf7+ R8e7 30. Qg8 Rg7 31. Rf7+ Rxf7 32. Qxf7+ Kb6 33. Qf1 Rf2 34. Qg1 Rxb2 35. Rxb2+ Bxb2 36. Bxb2 Qb5 37. Qb1 Kc6 38. a3 d5 39. Qc2 Qa5 40. Qc3 Qb5 41. Qf6+ Kc7 42. Be5+ Kc8 43. Qf8+ Kd7 44. Qd6+ Ke8 45. Qxd5 b6 46. Bf6 Qb1+ 47. Kh2 Qe1 48. Qe5+ Qxe5+ 49. Bxe5 b5 50. Bc3 Ke7 51. Kg3 1-0

[Event "Plzen op 10th"]
[Site "Plzen"]
[Date "2018.11.24"]
[Round "7"]
[White "Molnar, Ladislav"]
[Black "Krueger, Thomas"]
[Result "0-1"]
[WhiteElo "1779"]
[BlackElo "1547"]
[PlyCount "40"]
[EventDate "2018.11.18"]
[EventType "swiss"]
[EventRounds "9"]
[EventCountry "CZE"]
[SourceTitle "CBM 189 Extra"]
[Source "ChessBase"]
[SourceDate "2019.05.31"]
[SourceVersion "1"]
[SourceVersionDate "2019.05.31"]
[SourceQuality "1"]

1. e4 d5 2. exd5 Nf6 3. d4 Qxd5 4. c4 Qe4+ 5. Be3 e5 6. Bd3 Qxg2 7. dxe5 Qxh1 8. f3 Nfd7 9. Qe2 Bc5 10. e6 fxe6 11. Nd2 0-0 12. 0-0-0 Bxe3 13. Qxe3 Qxh2 14. Qxe6+ Kh8 15. Ne2 Nc5 16. Qe7 Nxd3+ 17. Kc2 Qd6 18. Qh4 Nb4+ 19. Kc1 Qd3 20. Nd4 Nxa2# 0-1

[Event "Plzen op 10th"]
[Site "Plzen"]
[Date "2018.11.19"]
[Round "2"]
[White "Molnar, Ladislav"]
[Black "Ochedzan, Robert"]
[Result "1-0"]
[WhiteElo "1779"]
[BlackElo "1562"]
[PlyCount "55"]
[EventDate "2018.11.18"]
[EventType "swiss"]
[EventRounds "9"]
[EventCountry "CZE"]
[SourceTitle "CBM 189 Extra"]
[Source "ChessBase"]
[SourceDate "2019.05.31"]
[SourceVersion "1"]
[SourceVersionDate "2019.05.31"]
[SourceQuality "1"]

1. e4 e6 2. d4 d5 3. e5 c5 4. Be3 cxd4 5. Bxd4 Nc6 6. f4 Nxd4 7. Qxd4 Ne7 8. Nf3 Ng6 9. g3 Bd7 10. Nbd2 Qc7 11. Bd3 b5 12. b3 b4 13. h4 Bc5 14. Qb2 a5 15. h5 Ne7 16. Rh2 Nf5 17. Bxf5 exf5 18. h6 Qb6 19. hxg7 Rg8 20. 0-0-0 Qg6 21. Nf1 Be6 22. Nd4 Qxg7 23. Rh5 Qg6 24. Rg5 Qxg5 25. fxg5 Rxg5 26. Rd3 Rg4 27. Nb5 a4 28. Nc7+ 1-0

[Event "Wch Seniors 50 26th"]
[Site "Marianske Lazne"]
[Date "2016.11.30"]
[Round "11"]
[White "Petras, Milan"]
[Black "Molnar, Ladislav"]
[Result "1-0"]
[WhiteElo "1969"]
[BlackElo "1738"]
[PlyCount "31"]
[EventDate "2016.11.19"]
[EventType "swiss"]
[EventRounds "11"]
[EventCountry "CZE"]
[SourceTitle "CBM 175 Extra"]
[Source "ChessBase"]
[SourceDate "2016.12.12"]
[SourceVersion "1"]
[SourceVersionDate "2016.12.12"]
[SourceQuality "1"]

1. e4 e6 2. d4 c5 3. c3 cxd4 4. cxd4 d5 5. e5 Bb4+ 6. Nc3 Ne7 7. Bd3 Nbc6 8. Nf3 a6 9. 0-0 0-0 10. Bxh7+ Kxh7 11. Ng5+ Kg8 12. Qh5 Re8 13. Qh7+ Kf8 14. Qh8+ Ng8 15. Nh7+ Ke7 16. Bg5+ 1-0

[Event "Wch Seniors 50 26th"]
[Site "Marianske Lazne"]
[Date "2016.11.28"]
[Round "9"]
[White "Krutina, Miroslav"]
[Black "Molnar, Ladislav"]
[Result "1/2-1/2"]
[WhiteElo "1983"]
[BlackElo "1738"]
[PlyCount "50"]
[EventDate "2016.11.19"]
[EventType "swiss"]
[EventRounds "11"]
[EventCountry "CZE"]
[SourceTitle "CBM 175 Extra"]
[Source "ChessBase"]
[SourceDate "2016.12.12"]
[SourceVersion "1"]
[SourceVersionDate "2016.12.12"]
[SourceQuality "1"]

1. Nf3 Nf6 2. g3 d6 3. Bg2 e5 4. d3 g6 5. b4 Bg7 6. Bb2 0-0 7. c4 c6 8. 0-0 Nbd7 9. Qc2 Re8 10. Nc3 Qc7 11. Rac1 c5 12. a3 Rb8 13. e3 a6 14. b5 a5 15. Ne2 b6 16. Nd2 Bb7 17. e4 Nf8 18. f4 Ng4 19. Rf3 f6 20. h3 Nh6 21. Rcf1 Ne6 22. R3f2 Nd4 23. Qd1 f5 24. Nc3 Rf8 25. a4 Rbe8 1/2-1/2

[Event "Wch Seniors 50 26th"]
[Site "Marianske Lazne"]
[Date "2016.11.22"]
[Round "4"]
[White "Molnar, Ladislav"]
[Black "Sielicki, Tomasz"]
[Result "0-1"]
[WhiteElo "1738"]
[BlackElo "1947"]
[PlyCount "120"]
[EventDate "2016.11.19"]
[EventType "swiss"]
[EventRounds "11"]
[EventCountry "CZE"]
[SourceTitle "CBM 175 Extra"]
[Source "ChessBase"]
[SourceDate "2016.12.12"]
[SourceVersion "1"]
[SourceVersionDate "2016.12.12"]
[SourceQuality "1"]

1. e4 e5 2. Bc4 Nf6 3. d3 Nc6 4. Nf3 Bc5 5. h3 d6 6. c3 a6 7. b4 Ba7 8. 0-0 h6 9. Be3 Be6 10. Bxe6 fxe6 11. Bxa7 Rxa7 12. a4 0-0 13. Nbd2 Qe8 14. Qb3 Qf7 15. Nh2 Nh5 16. g3 Raa8 17. Ndf3 Qg6 18. Nh4 Qf7 19. N4f3 Kh7 20. Qd1 Qg6 21. Nh4 Qg5 22. N2f3 Qf6 23. Nh2 Nf4 24. Ng4 Qe7 25. Kh2 Rf7 26. Ng2 Ng6 27. Ra2 Raf8 28. f3 h5 29. N4e3 h4 30. g4 Nf4 31. Nxf4 Rxf4 32. Ng2 R4f7 33. Raf2 g5 34. Qd2 Kg6 35. Ne3 Qf6 36. Ng2 a5 37. b5 Nb8 38. c4 Nd7 39. Qc2 Nc5 40. d4 Nd7 41. c5 Kh6 42. c6 bxc6 43. bxc6 Nb6 44. dxe5 Qxe5+ 45. f4 gxf4 46. Kh1 f3 47. Nxh4 Qg3 48. Qd2+ Kh7 49. Qg5 Qxh3+ 50. Kg1 Rg7 51. Qh5+ Kg8 52. g5 Qg3+ 53. Rg2 fxg2 54. Rxf8+ Kxf8 55. Qh8+ Kf7 56. Qh5+ Ke7 57. Ng6+ Rxg6 58. Qh7+ Kf8 59. Qh8+ Kf7 60. Qh7+ Rg7 0-1

[Event "Valasska Bystrice op"]
[Site "Valasska Bystrice"]
[Date "2015.09.15"]
[Round "5"]
[White "Molnar, Ladislav"]
[Black "Zlebcik, Ladislav"]
[Result "1/2-1/2"]
[WhiteElo "1803"]
[BlackElo "1915"]
[PlyCount "58"]
[EventDate "2015.09.12"]
[EventType "swiss"]
[EventRounds "9"]
[EventCountry "CZE"]
[SourceTitle "EXT 2016"]
[Source "ChessBase"]
[SourceDate "2015.10.08"]
[SourceVersion "1"]
[SourceVersionDate "2015.10.08"]
[SourceQuality "1"]

1. e4 e6 2. f4 d5 3. e5 c5 4. Bb5+ Bd7 5. Bxd7+ Qxd7 6. Nf3 Nc6 7. c3 Rc8 8. 0-0 Nge7 9. d3 h5 10. Na3 Nf5 11. Nc2 Be7 12. Ne3 d4 13. Nxf5 exf5 14. c4 Nd8 15. h4 Ne6 16. Ng5 g6 17. Bd2 0-0 18. Qf3 Rc6 19. b3 a6 20. Qd5 Qc7 21. a4 Rd8 22. Qf3 b6 23. Rfb1 a5 24. Re1 Kg7 25. g3 Qd7 26. Re2 Bxg5 27. hxg5 Rcc8 28. Rh2 Qc6 29. Qxc6 Rxc6 1/2-1/2

[Event "Valasska Bystrice op"]
[Site "Valasska Bystrice"]
[Date "2015.09.14"]
[Round "4"]
[White "Molnar, Ladislav"]
[Black "Korinek, Jaroslav"]
[Result "1-0"]
[WhiteElo "1803"]
[BlackElo "1702"]
[PlyCount "57"]
[EventDate "2015.09.12"]
[EventType "swiss"]
[EventRounds "9"]
[EventCountry "CZE"]
[SourceTitle "EXT 2016"]
[Source "ChessBase"]
[SourceDate "2015.10.08"]
[SourceVersion "1"]
[SourceVersionDate "2015.10.08"]
[SourceQuality "1"]

1. e4 c5 2. f4 d6 3. Nf3 Nf6 4. Nc3 Nc6 5. Bb5 Bd7 6. d3 e6 7. 0-0 a6 8. Bxc6 Bxc6 9. Qe1 h6 10. h3 Be7 11. Ne2 Qc7 12. c4 e5 13. fxe5 dxe5 14. Qg3 Nd7 15. Nh4 0-0-0 16. Rxf7 Bxh4 17. Qxh4 Qd6 18. Rf3 Rhf8 19. Qg3 Rxf3 20. Qxf3 Rf8 21. Qe3 Rf6 22. Bd2 Qf8 23. Ng3 g5 24. Rf1 Rf4 25. Qe2 Rxf1+ 26. Qxf1 Qxf1+ 27. Kxf1 b5 28. Nf5 bxc4 29. Nd6+ 1-0

[Event "Valasska Bystrice op"]
[Site "Valasska Bystrice"]
[Date "2015.09.13"]
[Round "2"]
[White "Molnar, Ladislav"]
[Black "Bes, Michal"]
[Result "0-1"]
[WhiteElo "1803"]
[BlackElo "2022"]
[PlyCount "52"]
[EventDate "2015.09.12"]
[EventType "swiss"]
[EventRounds "9"]
[EventCountry "CZE"]
[SourceTitle "EXT 2016"]
[Source "ChessBase"]
[SourceDate "2015.10.08"]
[SourceVersion "1"]
[SourceVersionDate "2015.10.08"]
[SourceQuality "1"]

1. e4 c5 2. f4 Nc6 3. Nf3 d6 4. Bb5 Bd7 5. 0-0 Nf6 6. d3 g6 7. c4 Bg7 8. Nc3 0-0 9. Bxc6 Bxc6 10. Qe1 Ne8 11. h4 Nf6 12. Nd5 Ng4 13. Ne3 Nxe3 14. Qxe3 e6 15. Qe1 d5 16. exd5 exd5 17. Qf2 dxc4 18. dxc4 Bxf3 19. Qxf3 Qxh4 20. Be3 b6 21. Rab1 Rad8 22. b3 Rd3 23. Rbd1 Rfd8 24. Rxd3 Rxd3 25. Qa8+ Qd8 26. Qe4 Rxe3 0-1

[Event "Kadan op"]
[Site "Kadan"]
[Date "2014.??.??"]
[Round "1"]
[White "Toman, Ondrej"]
[Black "Molnar, Ladislav"]
[Result "1/2-1/2"]
[WhiteElo "2081"]
[BlackElo "1804"]
[PlyCount "48"]
[EventDate "2014.08.??"]
[EventType "swiss"]
[EventRounds "9"]
[EventCountry "CZE"]
[SourceTitle "EXT 2016"]
[Source "ChessBase"]
[SourceDate "2015.10.08"]
[SourceVersion "1"]
[SourceVersionDate "2015.10.08"]
[SourceQuality "1"]

1. b3 e5 2. Bb2 Nc6 3. Nf3 e4 4. Nd4 Nxd4 5. Bxd4 c5 6. Bb2 d5 7. e3 Nf6 8. d4 exd3 9. Bxd3 Be6 10. Nd2 Be7 11. h3 Rc8 12. c4 dxc4 13. Nxc4 b5 14. Ne5 c4 15. Be2 Qa5+ 16. Kf1 c3 17. Bc1 0-0 18. Qc2 b4 19. Nc4 Qc7 20. e4 Rfd8 21. Be3 Bc5 22. Bg5 h6 23. Bc1 Bxc4 24. bxc4 Qe5 1/2-1/2

[Event "CZE-chT2A 1314"]
[Site "Czech Republic"]
[Date "2013.12.15"]
[Round "4.8"]
[White "Vavra, Jan1"]
[Black "Molnar, Ladislav"]
[Result "1-0"]
[WhiteElo "2058"]
[BlackElo "1804"]
[PlyCount "79"]
[EventDate "2013.11.03"]
[EventType "team-tourn"]
[EventRounds "11"]
[EventCountry "CZE"]
[SourceTitle "EXT 2015"]
[Source "ChessBase"]
[SourceDate "2014.11.20"]
[SourceVersion "1"]
[SourceVersionDate "2014.11.20"]
[SourceQuality "1"]
[WhiteTeam "Praha Vrsovice"]
[BlackTeam "Karlovy Vary II"]
[WhiteTeamCountry "CZE"]
[BlackTeamCountry "CZE"]

1. Nf3 Nf6 2. d4 e6 3. Bf4 d5 4. Nbd2 c5 5. e3 Nc6 6. c3 c4 7. b3 b5 8. a4 b4 9. bxc4 bxc3 10. Nb3 Bb4 11. Qc2 dxc4 12. Bxc4 a5 13. Bb5 Bd7 14. Nc5 Ne7 15. Nxd7 Nxd7 16. Bd3 Nf6 17. 0-0 0-0 18. Ne5 h6 19. Qe2 Qd5 20. Nc4 Qd8 21. Bc2 Nc6 22. Qd3 g5 23. Bg3 Kg7 24. Ne5 Nxe5 25. dxe5 Qxd3 26. exf6+ Kxf6 27. Bxd3 Rfd8 28. Rfd1 Ke7 29. Bc2 f6 30. Rxd8 Rxd8 31. Rd1 Rd2 32. Rxd2 cxd2 33. Kf1 e5 34. Ke2 Ke6 35. f4 exf4 36. exf4 Kd5 37. fxg5 fxg5 38. Bf2 Kc4 39. Be3 Kc3 40. Bd1 1-0

[Event "CZE-chT2A 1213"]
[Site "Czech Republic"]
[Date "2013.02.03"]
[Round "8.6"]
[White "Janousek, Petr"]
[Black "Molnar, Ladislav"]
[Result "1-0"]
[WhiteElo "2176"]
[BlackElo "1830"]
[PlyCount "67"]
[EventDate "2012.10.14"]
[EventType "team-tourn"]
[EventRounds "11"]
[EventCountry "CZE"]
[SourceTitle "EXT 2015"]
[Source "ChessBase"]
[SourceDate "2014.11.20"]
[SourceVersion "1"]
[SourceVersionDate "2014.11.20"]
[SourceQuality "1"]
[WhiteTeam "Kozolupy"]
[BlackTeam "Karlovy Vary II"]
[WhiteTeamCountry "CZE"]
[BlackTeamCountry "CZE"]

1. e4 g6 2. d4 Bg7 3. Nc3 d6 4. Bc4 a6 5. Nf3 e6 6. a4 b6 7. Bg5 Bf6 8. Bxf6 Qxf6 9. 0-0 Bb7 10. Qd2 Nd7 11. Rad1 Ne7 12. Qh6 Ng8 13. Qe3 Ne7 14. e5 Qf5 15. d5 dxe5 16. dxe6 fxe6 17. Ng5 Qg4 18. Nce4 Nd5 19. Bxd5 exd5 20. f3 Qf5 21. Ng3 Qf6 22. f4 e4 23. f5 h6 24. Ne6 Rc8 25. Qf4 Ne5 26. c4 g5 27. Qe3 Nxc4 28. Qe2 Qxb2 29. Qh5+ Ke7 30. f6+ Kxe6 31. Qg4+ Kd6 32. Nxe4+ Kc6 33. Qe6+ Nd6 34. Rc1+ 1-0